000 00505nam a2200169 a 4500
005 20140412111235.0
008 010530s19uu xx 00 eng d
020 _a0-307-00042-7
050 _aER
_bBa11 1989
100 _aCoco, Eugene Bradley
245 _aBaby Brown Bear's :
_bbig bellyache /
_cby Eugene Bradley Coco; illustrated by John Nex.
260 _aNew York :
_bA Golden Book,
_c1989.
300 _a1v. (unp.) ; ill.
650 _aBears-Stories
650 _aBears-Fiction
999 _c102413
_d102413